| 000 | 00571cam a2200181 a 4500 | ||
|---|---|---|---|
| 001 | 12818792 | ||
| 005 | 20241115181303.0 | ||
| 008 | 020307s2001 gh 001 0 eng | ||
| 020 | _a9964960999 | ||
| 050 | 0 | 0 |
_aKRX3800 _b.M46 MEN 2001 VOL.2 |
| 100 | 1 | _aMensa-Bonsu, Henrietta J. A. N. | |
| 245 | 1 | 4 |
_aThe general part of criminal law--a Ghanaian casebook / _cHenrietta J.A.N. Mensa-Bonsu. |
| 260 |
_aCantonments, Accra : _bBlack Mask, _cc2001. |
||
| 300 |
_a2 v. ; _c23 cm. |
||
| 500 | _aIncludes index. | ||
| 650 | 0 |
_aCriminal law _zGhana _vCases. |
|
| 942 |
_2lcc _cBK _n0 |
||
| 999 |
_c1258 _d1258 |
||